| 000 | 00401 a2200121 4500 | ||
|---|---|---|---|
| 001 | ART_36747 | ||
| 005 | 20260410162005.0 | ||
| 008 | 260409a | ||
| 245 | 1 | 0 | _aDonación en el Código Civil de Vélez y en el nuevo Código Civil y Comercial |
| 100 | 1 | _aRomano, Elisa G. | |
| 700 | 1 | _aGarcía, María F. | |
| 773 | 0 |
_tTemas de derecho civil _g- Año 2, Nº 2 (feb. 2016) _wREV34778 |
|
| 999 |
_c31616 _d31616 |
||